LEADER 03269nam 2200601Ia 450 001 9910462878903321 005 20200520144314.0 010 $a0-7983-0349-2 010 $a0-7983-0350-6 035 $a(CKB)2670000000340358 035 $a(EBL)1164441 035 $a(OCoLC)836400406 035 $a(SSID)ssj0000994222 035 $a(PQKBManifestationID)11563751 035 $a(PQKBTitleCode)TC0000994222 035 $a(PQKBWorkID)10957154 035 $a(PQKB)10724682 035 $a(MiAaPQ)EBC1164441 035 $a(MdBmJHUP)muse27020 035 $a(Au-PeEL)EBL1164441 035 $a(CaPaEBR)ebr10677901 035 $a(CaONFJC)MIL499253 035 $a(EXLCZ)992670000000340358 100 $a20130413d2013 uy 0 101 0 $aeng 135 $aur|||||||nn|n 181 $ctxt 182 $cc 183 $acr 200 00$aChallenges of african transformation$b[electronic resource] $eexploring through innovation approach /$fedited by Mammo Munchie and Baskaran Angathevar 210 $aOxford $cAfrica Institute of South Africa$d2013 215 $a1 online resource (234 p.) 300 $aDescription based upon print version of record. 311 $a0-7983-0348-4 320 $aIncludes bibliographical references. 327 $aPreface -- Contributing authors -- Introduction -- Chapter 1. Science and technology indicators in Africa: historical development and challenges -- Chapter 2. Building systems for innovation 'Take off' in African economies -- Chapter 3. Innovation in Africa, toward a realistic vision -- Chapter 4. Innovations systems in renewable natural resource management and sustainable agriculture: a literature review -- Chapter 5. Low-income countries and innovation studies: a review of recent literature -- Chapter 6. Human capital, R&D and endogenous occupational choice -- Chapter 7. Building systems of innovation in an African setting: the cluster initiative development approach -- Chapter 8. Are north-south technological spillovers substantial? A dynamic panel data model estimation -- Chapter 9. Where are the flags of our father? Rethinking linkages between social policies and innovation policies -- Chapter 10. Design theory of Letanta -- Chapter 11. Conclusion. 330 $aA brief overview of the African economic picture reveals a paradox where the continent that has rich mineral resources, nearly a billion people and a land mass which includes the sizes of China, USA, India, Western Europe, Argentina together and still is larger than the sum of these regions is in an unacceptable state of being an object of aid, debt and loans despite the vast resources both known and yet to be expolored in it for the whole post-colonial period. 410 0$aUPCC book collections on Project Muse. 606 $aEconomic development$zAfrica 606 $aDeveloping countries 608 $aElectronic books. 615 0$aEconomic development 615 0$aDeveloping countries. 676 $a338.064 701 $aaMuchie$b Mammo$0935532 701 $aBaskaran$b Angathevar$0861348 801 0$bMiAaPQ 801 1$bMiAaPQ 801 2$bMiAaPQ 906 $aBOOK 912 $a9910462878903321 996 $aChallenges of african transformation$92107268 997 $aUNINA LEADER 02282nam 2200601 450 001 9910480590203321 005 20180613001302.0 010 $a1-4704-0315-3 035 $a(CKB)3360000000464906 035 $a(EBL)3114573 035 $a(SSID)ssj0000973277 035 $a(PQKBManifestationID)11602792 035 $a(PQKBTitleCode)TC0000973277 035 $a(PQKBWorkID)10959123 035 $a(PQKB)10465043 035 $a(MiAaPQ)EBC3114573 035 $a(PPN)195416082 035 $a(EXLCZ)993360000000464906 100 $a20010320h20012001 uy| 0 101 0 $aeng 135 $aur|n|---||||| 181 $ctxt 182 $cc 183 $acr 200 10$aLagrangian reduction by stages /$fHerna?n Cendra, Jerrold E. Marsden, Tudor S. Ratiu 210 1$aProvidence, Rhode Island :$cAmerican Mathematical Society,$d[2001] 210 4$dİ2001 215 $a1 online resource (125 p.) 225 1 $aMemoirs of the American Mathematical Society,$x0065-9266 ;$vnumber 722 300 $a"July 2001, volume 152, number 722 (third of 5 numbers)." 311 $a0-8218-2715-4 320 $aIncludes bibliographical references (pages 103-108). 327 $a""Chapter 7. Further Examples""""7.1. Semidirect Products""; ""7.2. Central Extensions""; ""7.3. Rigid Body with Rotors""; ""7.4. Systems Depending on a Parameter""; ""Chapter 8. The Category LB* and Poisson Geometry""; ""8.1. The Poisson Bracket on Duals of Objects of LB""; ""8.2. Poisson Reduction in the Category LB* Viewed as Dual to Reduction in the Category LB""; ""Bibliography"" 410 0$aMemoirs of the American Mathematical Society ;$vno. 722. 606 $aLagrange equations 606 $aDifferentiable dynamical systems 606 $aVariational principles 608 $aElectronic books. 615 0$aLagrange equations. 615 0$aDifferentiable dynamical systems. 615 0$aVariational principles. 676 $a510 s 676 $a514/.74 700 $aCendra$b Herna?n$f1943-$0974541 702 $aMarsden$b Jerrold E. 702 $aRat?iu$b Tudor S. 801 0$bMiAaPQ 801 1$bMiAaPQ 801 2$bMiAaPQ 906 $aBOOK 912 $a9910480590203321 996 $aLagrangian reduction by stages$92218885 997 $aUNINA LEADER 05243nam 2200865z- 450 001 9910557685603321 005 20210501 035 $a(CKB)5400000000044676 035 $a(oapen)https://directory.doabooks.org/handle/20.500.12854/69047 035 $a(oapen)doab69047 035 $a(EXLCZ)995400000000044676 100 $a20202105d2020 |y 0 101 0 $aeng 135 $aurmn|---annan 181 $ctxt$2rdacontent 182 $cc$2rdamedia 183 $acr$2rdacarrier 200 00$aLaser Shock Processing and Related Phenomena 210 $aBasel, Switzerland$cMDPI - Multidisciplinary Digital Publishing Institute$d2020 215 $a1 online resource (208 p.) 311 08$a3-03936-798-6 311 08$a3-03936-799-4 330 $aLaser shock processing (LSP) is a continuously developing effective technology used to improve surface and mechanical properties for metallic alloys. LSP is in direct competition with other established technologies, such as shot peening, both in preventive manufacturing treatments and maintenance/repair operations. The level of LSP maturity has increased in recent years and several thematic international conferences have been organized (i.e., the 7th ICLPRP held in Singapore, June 17-22, 2018) to discuss different developments of a number of key aspects. These aspects include: fundamental laser interaction phenomena; material behavior at high deformation rates/under intense shock waves; laser sources and experimental process implementation; induced microstructural/surface/stress effects; mechanical and surface properties with experimental characterization and testing; numerical process simulation; development and validation of applications; comparison of LSP to competing technologies; and novel related processes. All of these aspects have been recursively treated by well-renowned specialists, providing a firm basis for the further development of the technology in its path to industrial penetration. However, the application of LSP (and related technologies) on different types of materials with different applications (such as the always demanding aeronautical/aerospatial field or the energy generation, automotive, and biomedical fields) still requires extensive effort to elucidate and master different critical aspects. Thus, LSP deserves a great research effort as a necessary step prior to its industrial readiness level. The present Special Issue of Metals in the field of "Laser Shock Processing and Related Phenomena" aims, from its initial launching date, to collect (especially for the use of LSP application developers in different target sectors) a number of high-quality and relevant papers representing state-of-the-art technology that is useful to newcomers in realizing its wide and relevant prospects as a key manufacturing technology. Consequently, in an additional and complementary way, papers were presented at the thematic ICLPRP conferences, and a call was made to authors willing to prepare high-quality and relevant papers to the journal, with the confidence that their work would become part of a fundamental reference collection regarding the present state-of-the-art LSP technology. The Special Issue includes two reviews and nine research papers. Each contribution adds to the reference knowledge of LSP technology and covers the practical totality of open issues, which will lead to present-day research at worldwide universities, research centers, and industrial companies. 606 $aHistory of engineering and technology$2bicssc 610 $a2024 aluminum alloy 610 $aAA 2024 610 $aaluminium alloys 610 $aaluminum alloys 610 $aanisotropy 610 $acladded aluminum 610 $adry laser peening 610 $aelectron density 610 $aenergy density 610 $aexperimental analysis 610 $afatigue 610 $aFEM analysis 610 $afemtosecond laser 610 $afinite element method 610 $afinite element simulation 610 $ahandheld laser 610 $ahigh-velocity impact welding 610 $ahole drilling 610 $alaser impact welding 610 $alaser peening 610 $alaser peening history 610 $alaser shock peening 610 $alaser shock processing 610 $alaser shock waves 610 $alaser welding 610 $aMg AZ31B alloy 610 $amicrohardness 610 $an/a 610 $anotch 610 $anuclear power reactor 610 $aoverlap 610 $aplasma diagnosis 610 $apolymers 610 $aresidual stress 610 $aresidual stresses 610 $aresonant fatigue resistance 610 $aroughness 610 $ashock wave 610 $ashot pattern 610 $asolid confinement 610 $astress corrosion cracking 610 $aVISAR measurement 615 7$aHistory of engineering and technology 700 $aOcan?a$b Jose? L$4edt$01307618 702 $aGrum$b Janez$4edt 702 $aOcan?a$b Jose? L$4oth 702 $aGrum$b Janez$4oth 906 $aBOOK 912 $a9910557685603321 996 $aLaser Shock Processing and Related Phenomena$93028863 997 $aUNINA